Smallest Countries That Are NOT Microstates - Statistics

General Stats
  • This quiz has been taken 174 times
  • The average score is 11 of 20
Answer Stats
km2 country % Correct
2586 Luxembourg
79%
6220 Palestine
Fiji
74%
11,586 Qatar
66%
5765 Brunei
64%
9251 Cyprus
64%
10,887 Kosovo
60%
2842 Samoa
60%
17,818 Kuwait
58%
5130 Trinidad and Tobago
56%
12,189 Vanuatu
56%
14,874 East Timor
55%
10,991 Jamaica
55%
13,812 Montenegro
54%
13,943 Bahamas
52%
4033 Cabo Verde
52%
1862 Comoros
52%
10,452 Lebanon
51%
2040 Mauritius
51%
11,295 Gambia
44%
17,364 Swaziland
42%
No matching quizzes found
Score Distribution
Percent of People with Each Score
Percentile by Number Answered
Your Score History
You have not taken this quiz